Konjunkturwende 1988? Thesen zum 36. Kieler Konjunkturgespräch
Salvato in:
| Natura: | Libro |
|---|---|
| Lingua: | tedesco |
| Pubblicazione: |
Kiel
Institut für Weltwirtschaft
1987
|
| Edizione: | 1. Aufl. |
| Serie: | Kieler Diskussionsbeiträge
134 |
| Tags: |
Nessun Tag, puoi essere il primo ad aggiungerne!!
|
MARC
| LEADER | 00000nam a2200000 4500 | ||
|---|---|---|---|
| 001 | c038797 | ||
| 005 | 20250512094714.6 | ||
| 041 | 0 | |a ger | |
| 044 | |a DE | ||
| 245 | 1 | 0 | |a Konjunkturwende 1988? |b Thesen zum 36. Kieler Konjunkturgespräch |
| 250 | |a 1. Aufl. | ||
| 264 | 1 | |a Kiel |b Institut für Weltwirtschaft |c 1987 | |
| 300 | |a 35 s. | ||
| 490 | 1 | |a Kieler Diskussionsbeiträge |v 134 | |
| 830 | 0 | |a Kieler Diskussionsbeiträge |v 134 | |